[Event "NED-ch U14 op"]
[Site "Borne"]
[Date "2019.08.10"]
[Round "9"]
[White "Zoet, Jelle"]
[Black "Ang, Rufus"]
[Result "0-1"]
[WhiteElo "1042"]
[BlackElo "1498"]
[PlyCount "40"]
[EventDate "2019.08.05"]
[EventType "swiss"]
[EventRounds "9"]
[EventCountry "NED"]
[SourceTitle "EXT 2020"]
[Source "ChessBase"]
[SourceDate "2019.10.17"]
[SourceVersion "1"]
[SourceVersionDate "2019.10.17"]
[SourceQuality "1"]

1. e4 e5 2. f4 Nc6 3. Nf3 d6 4. Bc4 Nf6 5. Nc3 Bg4 6. 0-0 Qd7 7. Qe1 Bxf3 8. Rxf3 Nd4 9. Qd1 Nxf3+ 10. Qxf3 Qg4 11. fxe5 dxe5 12. Qe3 Bd6 13. Be2 Qh4 14. d3 Qe1+ 15. Bf1 Qh4 16. Bd2 Ng4 17. Qg3 Bc5+ 18. Be3 Bxe3+ 19. Kh1 Nf2+ 20. Kg1 Nxe4+ 0-1

[Event "NED-ch U14 op"]
[Site "Borne"]
[Date "2019.08.09"]
[Round "7"]
[White "Neisingh, Nils"]
[Black "Ang, Rufus"]
[Result "1-0"]
[WhiteElo "1710"]
[BlackElo "1498"]
[PlyCount "77"]
[EventDate "2019.08.05"]
[EventType "swiss"]
[EventRounds "9"]
[EventCountry "NED"]
[SourceTitle "EXT 2020"]
[Source "ChessBase"]
[SourceDate "2019.10.17"]
[SourceVersion "1"]
[SourceVersionDate "2019.10.17"]
[SourceQuality "1"]

1. e4 e5 2. Nf3 Nf6 3. Nxe5 d6 4. Nf3 Nxe4 5. Nc3 Nf6 6. d4 d5 7. h3 c5 8. Bb5+ Bd7 9. Bxd7+ Qxd7 10. Bg5 Qe6+ 11. Be3 Nbd7 12. 0-0 Bd6 13. Re1 Ne4 14. dxc5 Bxc5 15. Bxc5 Ndxc5 16. Nd4 Qe5 17. f3 0-0 18. fxe4 dxe4 19. Nb3 Rad8 20. Qe2 Nxb3 21. axb3 f5 22. Rxa7 Rb8 23. Qc4+ Kh8 24. Kh1 Qg3 25. Qe2 Rbe8 26. Rxb7 e3 27. Rf1 f4 28. Qg4 e2 29. Nxe2 Qxg4 30. hxg4 Rxe2 31. Rxf4 Rfe8 32. Rc7 h6 33. Rfc4 R8e3 34. Rc3 Re4 35. Rg3 Re1+ 36. Kh2 Rf1 37. g5 Ree1 38. Rc8+ Kh7 39. g6# 1-0